00434 a2200193 4500260001000000630002500010037001300035650002800048100002000076260001700096245003200113300001100145650002900156260000900185300000900194100000700203037001200210020001800222 aParis a657 - Comptabilité b1, Achat a6 - SCIENCES APPLIQUEES aKlotz, Gérard bArmand Colin ala comptabilité nationale a175 p. aComptabilité nationale c1990 b21cm lFr aDE 6461 a2-200-33045-6